La Bauhaus, 1919-1933: reforma y vanguardia
Guardat en:
| Autor principal: | |
|---|---|
| Format: | Llibre |
| Idioma: | espanyol |
| Publicat: |
Colonia
Taschen
2006
|
| Matèries: | |
| Etiquetes: |
Afegir etiqueta
Sense etiquetes, Sigues el primer a etiquetar aquest registre!
|
MARC
| LEADER | 00000nam a2200000 a 4500 | ||
|---|---|---|---|
| 001 | UCG7147 | ||
| 003 | CL-VaPUC | ||
| 008 | 110624e20060000GW |||||||||||||||||spa|d | ||
| 020 | |a 9783822822913 | ||
| 082 | 0 | 4 | |a 700 |b DRO |2 21 |
| 100 | 0 | |a Droste, Magdalena |e author |9 557734 | |
| 245 | 1 | 3 | |a La Bauhaus, 1919-1933: reforma y vanguardia |
| 300 | |a 96 p | ||
| 942 | |c BK | ||
| 945 | |d 20110624 00:00:00 |a dcastane | ||
| 260 | |a Colonia |b Taschen |c 2006 | ||
| 650 | 0 | |a Arte |9 265238 | |
| 650 | 0 | |a Arte contemporáneo |9 338008 | |
| 650 | 0 | |a Arte moderno |9 265333 | |
| 650 | 0 | |a Estilos artísticos |9 340996 | |
| 650 | 0 | |a Arquitectura moderna |9 265021 | |
| 583 | |a last modification |c 20110624 00:00:00 |k Rodrigo Vera | ||
| 999 | |c 345211 |d 345209 | ||
| 952 | |0 0 |1 0 |4 0 |6 700_000000000000000_DRO_2006 |7 0 |8 C |9 443691 |a BIBCUR |b BIBCUR |d 2019-11-22 |i 4785347 |o 700 DRO 2006 |p 4785347 |r 2025-04-22 |w 2019-11-22 |y BK |k CAC | ||
| 952 | |0 0 |1 0 |2 ddc |4 0 |6 700_000000000000000_DRO_2006 |7 0 |9 594838 |a BIBARQ |b BIBARQ |d 2019-11-22 |i 5611784 |l 1 |m 1 |o 700 DRO 2006 |p 5611784 |r 2025-01-20 |s 2024-05-23 |w 2019-11-22 |y BK |k ARQ | ||